000 00159nam a2200085 4500
001 1232643
005 20250923095419.0
245 _aGÖÇ
_c.
260 _bTÜBİTAK
999 _c1232643
_d1232643